000 00801nam a2200241 a 4500
999 _c2171
_d2171
008 200217r2019 ii ad||| m|||a00| 0 eng d
040 _aKO
_beng
041 0 _aeng
044 _aii
082 0 4 _223
_a378.242
_bPRM1706
100 1 _aViswanath, Aswani Jith
_eResearcher
245 1 0 _aChartering and Types of Chartering /
_cAswani Jith Viswanath ; Guide Dr. U. Sreejith
260 _aKochi :
_bIndian Maritime University,
_c2019
300 _a43 p. :
_bill., charts ;
_c29 cm.
490 0 _aMBA Project 2017-19 ;
_v1705305006
502 _aProject (MBA)–Indian Maritime University. School of Maritime Management, 2019.
650 0 _aCharter-parties
655 7 _2lcsh
_aDissertations, Academic
_y2019
700 1 _aSreejith, U.
_cDr.
_eGuide
904 _aReshma_R
942 _cTH